R (on the application of Hammerton) v London Underground Ltd and others (Record no. 71675)

MARC details
000 -LEADER
fixed length control field 01537cam a2200241 4500
001 - CONTROL NUMBER
control field ABS66169
008 - FIXED-LENGTH DATA ELEMENTS--GENERAL INFORMATION
fixed length control field 021129n2002 000 0 eng u
035 ## - SYSTEM CONTROL NUMBER
System control number (Sirsi) u120620
245 ## - TITLE STATEMENT
Title R (on the application of Hammerton) v London Underground Ltd and others
260 ## - PUBLICATION, DISTRIBUTION, ETC.
Date of publication, distribution, etc. 2002
490 ## - SERIES STATEMENT
Series statement Estates Gazette
Volume/sequential designation [2002] 47 EG 148 (CS) (23/11/02)
490 ## - SERIES STATEMENT
Series statement Journal of Planning and Environment Law
Volume/sequential designation [2003] JPL 984-1029(46)
520 ## - SUMMARY, ETC.
Summary, etc. [2002] EWHC 2307 (Admin), 8 November 2002. London Underground Ltd (LUL) was in breach of planning control when construction commenced on the East London Line extension. LUL refused to make an undertaking, sought by the claimant (H), not to demolish Bishopsgate Goods Yard, a listed building. The question was whether the goods yard comprised of one building or several and if so, did the listing cover all of them. H applied for permission to bring about a judicial review proceedings to challenge LULs decision not to make an undertaking. It was decided that it was a matter for the local planning authorities to determine what, if any, enforcement action was appropriate. Held: the claim was allowed in part.
590 ## - LOCAL NOTE (RLIN)
Local note ABS
650 ## - SUBJECT ADDED ENTRY--TOPICAL TERM
Topical term or geographic name entry element R V LONDON UNDERGROUND LTD AND OTHERS EX P HAMMERTON
650 ## - SUBJECT ADDED ENTRY--TOPICAL TERM
Topical term or geographic name entry element TIME LIMITS
650 ## - SUBJECT ADDED ENTRY--TOPICAL TERM
Topical term or geographic name entry element PLANNING PERMISSION
650 ## - SUBJECT ADDED ENTRY--TOPICAL TERM
Topical term or geographic name entry element BREACH OF CONDITION NOTICES
650 ## - SUBJECT ADDED ENTRY--TOPICAL TERM
Topical term or geographic name entry element TOWN AND COUNTRY PLANNING ACT 1990 S56
650 ## - SUBJECT ADDED ENTRY--TOPICAL TERM
Topical term or geographic name entry element PLANNING (LISTED BUILDINGS AND CONSERVATION AREAS) ACT 1990
690 ## - LOCAL SUBJECT ADDED ENTRY--TOPICAL TERM (OCLC, RLIN)
Topical term or geographic name as entry element Planning and development
9 (RLIN) 6259
942 ## - ADDED ENTRY ELEMENTS (KOHA)
Suppress in OPAC 0
Holdings
Withdrawn status Lost status Source of classification or shelving scheme Damaged status Not for loan Home library Current library Shelving location Date acquired Total Checkouts Full call number Barcode Date last seen Copy number Price effective from Koha item type
    Dewey Decimal Classification     London London Journal article 29/11/2002   ABS66169 120620-1001 06/08/2019 1 06/08/2019 Law report